| 000 | 01359nam a2200229Ia 4500 | ||
|---|---|---|---|
| 999 |
_c40603 _d40603 |
||
| 001 | 7229 | ||
| 003 | GE_BSU | ||
| 005 | 20230825170920.0 | ||
| 008 | 181216s2012||||ge |||||||||||||| ||geo|| | ||
| 020 | _a9789941434112 | ||
| 040 | _cGE_BSU | ||
| 041 | _ageo | ||
| 080 | _a910.4(560) მ-31 | ||
| 100 |
_aმარი, ნიკო _9109 |
||
| 245 |
_aშავშეთსა და კლარჯეთში მოგზაურობის დღიურები / _cნიკო მარი ; რუს. თარგმნა რევაზ დიასამიძემ ; სარედ. ჯგუფი : მამია ფაღავა, ზაზა შაშიკაძე, მალხაზ ჩოხარაძე და სხვა ; ტომის რედ. მალხაზ ჩოხარაძე. |
||
| 264 |
_aბათუმი : _bშოთა რუსთაველის უნი-ტის გამ-ბა, _c2012. |
||
| 300 |
_a483 გვ. : _bილ. ; _c20 სმ. |
||
| 653 | _aშავშეთსა და კლარჯეთში მოგზაურობის დღიურები | ||
| 700 |
_aდიასამიძე, რევაზ _eმთარგმნელი _9111 |
||
| 700 |
_aჩოხარაძე, მალხაზ _eრედაქტორი _919717 |
||
| 942 |
_cBK _2udc |
||